Other Germans : black Germans and the politics of race, gender, and memory in the Third Reich
Αποθηκεύτηκε σε:
| Κύριος συγγραφέας: | |
|---|---|
| Μορφή: | Βιβλίο |
| Γλώσσα: | English |
| Δημοσίευση: |
Ann Arbor :
University of Michigan Press,
2005
|
| Σειρά: | Social history, popular culture, and politics in Germany
|
| Θέματα: | |
| Ετικέτες: |
Προσθήκη ετικέτας
Δεν υπάρχουν, Καταχωρήστε ετικέτα πρώτοι!
|
MARC
| LEADER | 00000nam a2200000 i 4500 | ||
|---|---|---|---|
| 001 | 1/70646 | ||
| 008 | 080116s2005 eng d | ||
| 020 | |a 0-472-03138-4 | ||
| 035 | |l 10093733 | ||
| 040 | |a GR-MY-UA |b gre |e aacr | ||
| 041 | 0 | |a eng | |
| 082 | 0 | |a 943.00496 |2 (22) | |
| 100 | 1 | |a Campt, Tina |d 1964- | |
| 245 | 1 | 0 | |a Other Germans : |b black Germans and the politics of race, gender, and memory in the Third Reich / |c Tina Campt |
| 260 | |a Ann Arbor : |b University of Michigan Press, |c 2005 | ||
| 300 | |a 283 σ.; |c 23 εκ. | ||
| 490 | 1 | |a Social history, popular culture, and politics in Germany | |
| 504 | |a Βιβλιογραφία: σ. 263-273 | ||
| 504 | |a Ευρετήριο: σ. 275-283 | ||
| 650 | 0 | 0 | |a World War, 1939-1945 |x Blacks |z Germany. |
| 650 | 0 | 0 | |a Blacks |x Race identity |z Germany |x History. |
| 651 | 0 | |a Germany |x Race relations |x History. | |
| 830 | 0 | |a Social history, popular culture, and politics in Germany | |
| 852 | |a INST |b LESVOS |e 20080116 |h 943.00496 CAM |p 005100040872 |q 005100040872 |t BK |y 0 | ||
| 901 | |a BIBL1-2008-1 | ||
| 909 | |a Λ |b 142715 | ||
| 922 | |a 1ΕΛΗ |b 200712 |c ΕΠΕΑΕΚ2/ΤΚΑ |d ΕΛΕΥΘΕΡΟΥΔΑΚΗΣ | ||
| 970 | |a ΧΑΤΖΗΜΙΧΑΗΛ |b ΜΑΡΙΑ |z 2008/01/16 | ||